|
|
|
|
| LEADER |
00000nam0a2200000 4500 |
| 001 |
31505 |
| 005 |
20231030204510.0 |
| 010 |
|
|
|a 573250589X
|
| 035 |
|
|
|a (RuTPU)RU\TPU\book\31783
|
| 035 |
|
|
|a BOOK00000074
|
| 090 |
|
|
|a 31505
|
| 100 |
|
|
|a 20011209d2000 m y0rusy50 ca
|
| 101 |
0 |
|
|a rus
|
| 102 |
|
|
|a RU
|
| 105 |
|
|
|a a j 000zy
|
| 200 |
1 |
|
|a Экономические основы технологического развития
|e Конспект лекций
|f С. Б. Малеева, Н. Т. Савруков
|
| 210 |
|
|
|a СПб.
|c Политехника
|d 2000
|
| 215 |
|
|
|a 42 с.
|
| 300 |
|
|
|a На обл.: Савруков Н. Т., Малеева С. Б.
|
| 320 |
|
|
|a Библиогр.: с. 41.
|
| 333 |
|
|
|a Исключено из фонда НТБ ТПУ
|
| 700 |
|
1 |
|a Малеева
|b С. Б.
|g Светлана Борисовна
|
| 701 |
|
1 |
|a Савруков
|b Н. Т.
|g Николай Тарасович
|
| 801 |
|
0 |
|a RU
|b 63413507
|c 20011209
|g PSBO
|
| 801 |
|
2 |
|a RU
|b 63413507
|c 20120618
|g PSBO
|
| 942 |
|
|
|c BK
|